Trouvez le personnage : les Simpsons - Statistiques

Statistiques générales
  • Ce quiz a été pris 288 fois
  • Le résultat moyen est 13 sur 16
Statistiques - réponses
Par images Réponse % Correct
Bart
100%
Homer
100%
Lisa
100%
Marge
100%
Maggy
96%
Ned Flanders
90%
Burns
89%
Milhouse
89%
Apu
88%
Selma
82%
Nelson
78%
Tahiti Bob
77%
Otto
76%
Patty
75%
Martin
57%
Agnès
28%
Aucun quiz correspondant
Distribution des résultats
% des personnes avec chaque résultat
Percentile par nombre de réponses
Votre historique - résultats
Vous n’avez pas pris ce quiz